<?xml version="1.0" encoding="UTF-8"?>
<record
    xmlns:xsi="http://www.w3.org/2001/XMLSchema-instance"
    xsi:schemaLocation="http://www.loc.gov/MARC21/slim http://www.loc.gov/standards/marcxml/schema/MARC21slim.xsd"
    xmlns="http://www.loc.gov/MARC21/slim">

  <leader>00451nam a22001577a 4500</leader>
  <controlfield tag="003">OSt</controlfield>
  <controlfield tag="005">20150908164411.0</controlfield>
  <controlfield tag="008">150908b        xxu||||| |||| 00| 0 eng d</controlfield>
  <datafield tag="040" ind1=" " ind2=" ">
    <subfield code="c">RUA</subfield>
  </datafield>
  <datafield tag="082" ind1=" " ind2=" ">
    <subfield code="a">AGR &#x17A1;&#x17C4; 1993 B008 Or.1</subfield>
  </datafield>
  <datafield tag="100" ind1=" " ind2=" ">
    <subfield code="9">173</subfield>
    <subfield code="a">&#x17A1;&#x17C4; &#x1794;&#x17CA;&#x17BB;&#x178E;&#x17D2;&#x178E;&#x17B6;</subfield>
  </datafield>
  <datafield tag="245" ind1=" " ind2=" ">
    <subfield code="a">&#x178A;&#x17C6;&#x178E;&#x17C6;&#x17B6;&#x1794;&#x17C9;&#x17C1;&#x1784;&#x1794;&#x17C4;&#x17C7; &#x1793;&#x17C5;&#x1781;&#x17C1;&#x178F;&#x17D2;&#x178F;&#x1780;&#x178E;&#x17D2;&#x178A;&#x17B6;&#x179B;</subfield>
  </datafield>
  <datafield tag="260" ind1=" " ind2=" ">
    <subfield code="a">RUA</subfield>
    <subfield code="b">phnom penh</subfield>
    <subfield code="c">1993</subfield>
  </datafield>
  <datafield tag="300" ind1=" " ind2=" ">
    <subfield code="a">52p.</subfield>
    <subfield code="c">ill.</subfield>
    <subfield code="g">29cm.</subfield>
  </datafield>
  <datafield tag="942" ind1=" " ind2=" ">
    <subfield code="2">ddc</subfield>
    <subfield code="c">AGR</subfield>
  </datafield>
  <datafield tag="999" ind1=" " ind2=" ">
    <subfield code="c">154</subfield>
    <subfield code="d">154</subfield>
  </datafield>
  <datafield tag="952" ind1=" " ind2=" ">
    <subfield code="0">0</subfield>
    <subfield code="1">0</subfield>
    <subfield code="2">ddc</subfield>
    <subfield code="4">0</subfield>
    <subfield code="6">AGR_&#x17A1;&#x17C4;_1993_000000000000000_B008_OR_1</subfield>
    <subfield code="7">0</subfield>
    <subfield code="9">592</subfield>
    <subfield code="a">LBB</subfield>
    <subfield code="b">LBB</subfield>
    <subfield code="d">2015-09-08</subfield>
    <subfield code="o">AGR &#x17A1;&#x17C4; 1993 B008 Or.1</subfield>
    <subfield code="p">RUA003446</subfield>
    <subfield code="r">2015-09-08</subfield>
    <subfield code="w">2015-09-08</subfield>
    <subfield code="y">AGR</subfield>
  </datafield>
  <datafield tag="952" ind1=" " ind2=" ">
    <subfield code="0">0</subfield>
    <subfield code="1">0</subfield>
    <subfield code="2">ddc</subfield>
    <subfield code="4">0</subfield>
    <subfield code="6">AGR_&#x17A1;&#x17C4;_1993_000000000000000_B008_OR_2</subfield>
    <subfield code="7">0</subfield>
    <subfield code="9">593</subfield>
    <subfield code="a">LBB</subfield>
    <subfield code="b">LBB</subfield>
    <subfield code="d">2015-09-08</subfield>
    <subfield code="o">AGR &#x17A1;&#x17C4; 1993 B008 Or.2</subfield>
    <subfield code="p">RUA003374</subfield>
    <subfield code="r">2015-09-08</subfield>
    <subfield code="w">2015-09-08</subfield>
    <subfield code="y">AGR</subfield>
  </datafield>
  <datafield tag="952" ind1=" " ind2=" ">
    <subfield code="0">0</subfield>
    <subfield code="1">0</subfield>
    <subfield code="2">ddc</subfield>
    <subfield code="4">0</subfield>
    <subfield code="6">AGR_&#x17A1;&#x17C4;_1993_000000000000000_B008_OR_3</subfield>
    <subfield code="7">0</subfield>
    <subfield code="9">594</subfield>
    <subfield code="a">LBB</subfield>
    <subfield code="b">LBB</subfield>
    <subfield code="d">2015-09-08</subfield>
    <subfield code="o">AGR &#x17A1;&#x17C4; 1993 B008 Or.3</subfield>
    <subfield code="p">RUA003902</subfield>
    <subfield code="r">2015-09-08</subfield>
    <subfield code="w">2015-09-08</subfield>
    <subfield code="y">AGR</subfield>
  </datafield>
  <datafield tag="952" ind1=" " ind2=" ">
    <subfield code="0">0</subfield>
    <subfield code="1">0</subfield>
    <subfield code="2">ddc</subfield>
    <subfield code="4">0</subfield>
    <subfield code="6">AGR_&#x17A1;&#x17C4;_1993_000000000000000_B008_OR_4</subfield>
    <subfield code="7">0</subfield>
    <subfield code="9">595</subfield>
    <subfield code="a">LBB</subfield>
    <subfield code="b">LBB</subfield>
    <subfield code="d">2015-09-08</subfield>
    <subfield code="l">1</subfield>
    <subfield code="o">AGR &#x17A1;&#x17C4; 1993 B008 Or.4</subfield>
    <subfield code="p">RUA003447</subfield>
    <subfield code="r">2016-03-30</subfield>
    <subfield code="s">2016-03-11</subfield>
    <subfield code="w">2015-09-08</subfield>
    <subfield code="y">AGR</subfield>
  </datafield>
  <datafield tag="952" ind1=" " ind2=" ">
    <subfield code="0">0</subfield>
    <subfield code="1">0</subfield>
    <subfield code="2">ddc</subfield>
    <subfield code="4">0</subfield>
    <subfield code="6">AGR_&#x17A1;&#x17C4;_1993_000000000000000_B008_OR_5</subfield>
    <subfield code="7">0</subfield>
    <subfield code="9">596</subfield>
    <subfield code="a">LBB</subfield>
    <subfield code="b">LBB</subfield>
    <subfield code="d">2015-09-08</subfield>
    <subfield code="o">AGR &#x17A1;&#x17C4; 1993 B008 Or.5</subfield>
    <subfield code="p">RUA003655</subfield>
    <subfield code="r">2015-09-08</subfield>
    <subfield code="w">2015-09-08</subfield>
    <subfield code="y">AGR</subfield>
  </datafield>
  <datafield tag="952" ind1=" " ind2=" ">
    <subfield code="0">0</subfield>
    <subfield code="1">0</subfield>
    <subfield code="2">ddc</subfield>
    <subfield code="4">0</subfield>
    <subfield code="6">AGR_&#x17A1;&#x17C4;_1993_000000000000000_B008_OR_6</subfield>
    <subfield code="7">0</subfield>
    <subfield code="9">597</subfield>
    <subfield code="a">LBB</subfield>
    <subfield code="b">LBB</subfield>
    <subfield code="d">2015-09-08</subfield>
    <subfield code="o">AGR &#x17A1;&#x17C4; 1993 B008 Or.6</subfield>
    <subfield code="p">RUA003373</subfield>
    <subfield code="r">2015-09-08</subfield>
    <subfield code="w">2015-09-08</subfield>
    <subfield code="y">AGR</subfield>
  </datafield>
  <datafield tag="952" ind1=" " ind2=" ">
    <subfield code="0">0</subfield>
    <subfield code="1">0</subfield>
    <subfield code="2">ddc</subfield>
    <subfield code="4">0</subfield>
    <subfield code="6">AGR_&#x17A1;&#x17C4;_1993_000000000000000_B008_OR_7</subfield>
    <subfield code="7">0</subfield>
    <subfield code="9">598</subfield>
    <subfield code="a">LBB</subfield>
    <subfield code="b">LBB</subfield>
    <subfield code="d">2015-09-08</subfield>
    <subfield code="o">AGR &#x17A1;&#x17C4; 1993 B008 Or.7</subfield>
    <subfield code="p">RUA003517</subfield>
    <subfield code="r">2015-09-08</subfield>
    <subfield code="w">2015-09-08</subfield>
    <subfield code="y">AGR</subfield>
  </datafield>
  <datafield tag="952" ind1=" " ind2=" ">
    <subfield code="0">0</subfield>
    <subfield code="1">0</subfield>
    <subfield code="2">ddc</subfield>
    <subfield code="4">0</subfield>
    <subfield code="6">AGR_&#x17A1;&#x17C4;_1993_000000000000000_B008_OR_8</subfield>
    <subfield code="7">0</subfield>
    <subfield code="9">599</subfield>
    <subfield code="a">LBB</subfield>
    <subfield code="b">LBB</subfield>
    <subfield code="d">2015-09-08</subfield>
    <subfield code="l">2</subfield>
    <subfield code="o">AGR &#x17A1;&#x17C4; 1993 B008 Or.8</subfield>
    <subfield code="p">RUA003518</subfield>
    <subfield code="r">2019-07-01</subfield>
    <subfield code="s">2017-08-01</subfield>
    <subfield code="w">2015-09-08</subfield>
    <subfield code="y">AGR</subfield>
  </datafield>
</record>
